| 000 | 02659nam a2200193Ia 4500 | ||
|---|---|---|---|
| 999 |
_c8001 _d8001 |
||
| 005 | 20250625153536.0 | ||
| 008 | 230427s9999 xx 000 0 und d | ||
| 040 |
_aUPAN _cBiblioteca San Vicente _eRCAA2 |
||
| 041 | _aspa | ||
| 082 |
_a340 _bT689i _c1846 |
||
| 100 |
_aTorré Aberlardo _4aut. |
||
| 245 | 0 |
_aIntroducción al derecho./ _bAbelardo Torre |
|
| 250 | _a7ª ed | ||
| 260 |
_aBuenos Aires: _bPERROT, _c1846 |
||
| 300 |
_a802 P.: _c21 cm. |
||
| 505 | _aPrimera Parte: Introducción general. Capitulo 1. El derecho, la teoría de los objetos y la vida humana. Capitulo 2. Los grados del conocimiento, la clasificación de las ciencias y las disciplinas jurídicas. Capitulo 3. La abogacía. Vocación jurídica y ética profesional. Segunda Parte: Introducción a la filosofía jurídica y la ciencia del derecho. Capitulo 4. Regulación de la conducta humana: normas éticas y reglas técnicas. Capitulo 5. La teoría de la norma jurídica y los conceptos jurídicos fundamentales. Capitulo 6. El derecho subjetivo y el deber jurídico. Capitulo 7. Teoría del ordenamiento jurídico. Capitulo 8. Los valores jurídicos: La justicia, el orden y la seguridad. Capitulo 9. La técnica jurídica. Capitulo 10. Derecho positivo y Derecho vigente. Capitulo 11. Fuentes del derecho. Capitulo 12. Fuentes del derecho (continuación) - La ley. Capitulo 13. Fuentes del derecho (continuación) - Derecho consuetudinario. Capitulo 14. Fuentes del derecho (continuación) - La jurisprudencia y la doctrina. Capitulo 15. Aplicación, interpretación e integración del derecho. Capitulo 16. Aplicación del derecho en relación al territorio y al tiempo. Capitulo 17. Origen y transformación del derecho simbolismo del derecho antiguo. Capitulo 18. Nociones relativas a la historia del pensamiento filosófico - jurídico. Tercera Parte: Introducción a las especialidades de la ciencia del derecho. Capitulo 19. Las ramas del derecho y las ciencias jurídicas respectivas. Capitulo 20. Derecho político y derecho constitucional. Capitulo 21. Derecho administrativo, derecho financiero y derecho municipal. Capitulo 22. Derecho procesal. Capitulo 23. Derecho penal, derecho contravencional y derecho disciplinario militar. Capitulo 24. Derecho internacional público. Capitulo 25. Derecho civil y derecho comercial. Capitulo 26. Derecho minero y derecho rural. Capitulo 27. Derecho del trabajo y de la previsión social. Capitulo 28. Derecho de la navegación y derecho aeronáutico. Capitulo 29. Derecho canónico. Capitulo 30. Derecho internacional privado. | ||
| 650 |
_2LEMB _aDerecho |
||
| 942 |
_cBK _2ddc |
||